Duy trì phẩm chất và kéo dài thời gian tồn trữ trái chôm chôm (Nephelium lappaceum L.) sau thu hoạch theo hướng an toàn sinh học : Báo cáo tổng kết đề tài khoa học và công nghệ cấp Trường
Nội dung đề tài tìm ra khoảng nhiệt độ, ẩm độ, loại màng bao và hóa chất xử lý sau thu hoạch thích hợp để có thể duy trì phẩm chất và kéo dài thời gian tồn trữ trái chôm chôm sau thu hoạch.
שמור ב:
| מחבר ראשי: | |
|---|---|
| פורמט: | ספר |
| שפה: | Undetermined |
| יצא לאור: |
Cần Thơ
Trường Đại học Cần Thơ
2011
|
| נושאים: | |
| תגים: |
הוספת תג
אין תגיות, היה/י הראשונ/ה לתייג את הרשומה!
|
| Thư viện lưu trữ: | Trung tâm Học liệu Trường Đại học Cần Thơ |
|---|
| LEADER | 01256nam a2200241Ia 4500 | ||
|---|---|---|---|
| 001 | CTU_203822 | ||
| 008 | 210402s9999 xx 000 0 und d | ||
| 082 | |a 664.8 | ||
| 082 | |b Th108 | ||
| 088 | |a T2010-26 | ||
| 100 | |a Phạm, Thị Phương Thảo | ||
| 245 | 0 | |a Duy trì phẩm chất và kéo dài thời gian tồn trữ trái chôm chôm (Nephelium lappaceum L.) sau thu hoạch theo hướng an toàn sinh học : | |
| 245 | 0 | |b Báo cáo tổng kết đề tài khoa học và công nghệ cấp Trường | |
| 245 | 0 | |c Phạm Thị Phương Thảo (Chủ nhiệm đề tài) | |
| 260 | |a Cần Thơ | ||
| 260 | |b Trường Đại học Cần Thơ | ||
| 260 | |c 2011 | ||
| 520 | |a Nội dung đề tài tìm ra khoảng nhiệt độ, ẩm độ, loại màng bao và hóa chất xử lý sau thu hoạch thích hợp để có thể duy trì phẩm chất và kéo dài thời gian tồn trữ trái chôm chôm sau thu hoạch. | ||
| 650 | |a Fruit,Trái cây | ||
| 650 | |x Postharvest technology,Công nghệ sau thu hoạch | ||
| 904 | |i Tuyến | ||
| 915 | |a NN | ||
| 980 | |a Trung tâm Học liệu Trường Đại học Cần Thơ | ||